| 000 | 00628nam a22001697a 4500 | ||
|---|---|---|---|
| 082 | _a621.3 | ||
| 100 | _aUmer, Muhammad ; Mubashir, Bilal ; Aqeel, Abeeha | ||
| 245 |
_aDrone Delivery under Harsh Environmental Conditions / _cMuhammad Umer ; Bilal Mubashir ; Abeeha Aqeel |
||
| 260 |
_aIslamabad : _bSEECS - NUST, _c2018. |
||
| 300 |
_a51 p. ; _c30cm. |
||
| 563 | _aa | ||
| 650 |
_aElectrical(Electronics) Engineering-Project Report _993375 |
||
| 700 |
_aDr. Yasar Ayaz _916202 |
||
| 856 | _uhttp://10.250.8.41:8080/xmlui/handle/123456789/24513 | ||
| 942 |
_2ddc _cTHE |
||
| 999 |
_c536264 _d536264 |
||